Creep and shrinkage in concrete structures / (Record no. 6529)

MARC details
000 -LEADER
fixed length control field 01218nac a22002651u 4500
010 ## - LIBRARY OF CONGRESS CONTROL NUMBER
LC control number 82004766
020 ## - INTERNATIONAL STANDARD BOOK NUMBER
International Standard Book Number 0471104094 :
082 00 - DEWEY DECIMAL CLASSIFICATION NUMBER
Classification number 620.13633
Item number BAZ
090 ## - LOCALLY ASSIGNED LC-TYPE CALL NUMBER (OCLC); LOCAL CALL NUMBER (OCLC)
-- 6529
-- 6529
100 ## - MAIN ENTRY--PERSONAL NAME
Personal name 20080729
245 00 - TITLE STATEMENT
Title Creep and shrinkage in concrete structures /
Statement of responsibility, etc edited by Z.P. BazÌŒant and F.H. Wittmann.
260 ## - PUBLICATION, DISTRIBUTION, ETC. (IMPRINT)
Place of publication, distribution, etc Chichester [West Sussex] ;
-- New York :
Name of publisher, distributor, etc Wiley,1982
Date of publication, distribution, etc c1982.
300 ## - PHYSICAL DESCRIPTION
Extent x, 363 p. :
Other physical details ill. ;
Dimensions 24 cm.
440 #0 -
-- Wiley series in numerical methods in engineering
500 ## - GENERAL NOTE
General note Revision of papers presented at the International Symposium on Fundamental Research on Creep and Shrinkage of Concrete, held in Sept, 1980, at the Swiss Federal Institute of Technology in Lausanne, and co-sponsored by Northwestern University and U.S. National Science Foundation.
500 ## - GENERAL NOTE
General note "A Wiley-Interscience publication."
500 ## - GENERAL NOTE
General note distributer: Al-Ahram
504 ## - BIBLIOGRAPHY, ETC. NOTE
Bibliography, etc Includes bibliographical references and index.
511 ## - PARTICIPANT OR PERFORMER NOTE
Participant or performer note catalogued by: wessam
650 #0 - SUBJECT ADDED ENTRY--TOPICAL TERM
Topical term or geographic name as entry element Concrete
General subdivision Creep.
650 #0 - SUBJECT ADDED ENTRY--TOPICAL TERM
Topical term or geographic name as entry element Concrete
General subdivision Expansion and contraction.
700 1# - ADDED ENTRY--PERSONAL NAME
Personal name Bazant, Z. P.
700 1# - ADDED ENTRY--PERSONAL NAME
Personal name Wittmann, F. H.
Fuller form of name (Folker H.)
942 ## - ADDED ENTRY ELEMENTS (KOHA)
Item type Book - Borrowing
Call number prefix 620.13633BAZ
Holdings
Withdrawn status Item status Damaged status Not for loan Home library Current library Shelving location Date acquired Source of acquisition Total Checkouts Full call number Barcode Date last seen Koha item type
        Central Library Central Library First floor 26/11/2007 Purchase   620.13633BAZ 000007174 15/07/2025 Book - Borrowing